Państwa z najmniejszym wskaźnikiem HDI - Statystyki

Ogólne statystyki
  • Ten quiz został rozwiązany 68 razy
  • Średni wynik to 6 z 10
Statystyki odpowiedzi
HDI Państwo % Poprawnych
0,394 Niger
91%
0,380 Somalia
77%
0,381 Sudan Południowy
77%
0,394 Czad
71%
0,410 Mali
69%
0,420 Burundi
49%
0,387 Republika Środkowoafrykańska
49%
0,438 Burkina Faso
40%
0,424 Jemen
40%
0,458 Sierra Leone
37%
Nie znaleziono quizów pasujących do podanych kryteriów
Rozkład punktacji
Procent ludzi z każdym wynikiem
Percentyl według liczby udzielonych odpowiedzi
Twoja historia wyników
Nie rozwiązałeś tego quizu